[Event "SVK Extraliga 2019-20"]
[Site "Slovakia"]
[Date "2020.09.04"]
[Round "9.7"]
[White "Magat, Jozef"]
[Black "Zwardon, Vojtech"]
[Result "0-1"]
[WhiteElo "2021"]
[BlackElo "2455"]
[Annotator "TA"]
[PlyCount "132"]
[EventDate "2019.10.19"]
[EventType "team-tourn"]
[EventCountry "SVK"]
[SourceTitle "playchess.com"]
[Source "ChessBase"]
[SourceQuality "1"]
[WhiteTeam "Dunajov"]

{[%evp 12,132,16,-6,21,20,14,12,43,45,52,50,54,52,48,21,40,21,21,21,25,31,28,25,27,16,92,22,35,29,82,64,70,78,81,67,99,65,59,50,52,65,72,72,72,50,58,58,81,68,72,72,72,72,79,73,93,81,78,75,75,71,91,31,59,44,47,18,24,8,10,0,0,0,0,0,0,-8,-8,-8,-8,-18,-14,-14,-14,-14,-16,-14,-8,-8,-8,-8,-8,-8,-8,-8,-8,-8,-8,-114,-45,-701,-701,-701,-694,-686,-683,-1527,-1391,-5940,-5940,-5940,-4631,-29975,-29976,-29979,-29980,-29981,-29982,-29984,-29985,-29987,-29988]} 1. d4 Nf6 2. Nf3 e6 3. c4 c5 4. Nc3 cxd4 5. Nxd4 a6 6. g3 Qc7 7. Qd3 b6 {A32: Symmetrical English: 2 Nf3 Nf6 3 d4 cxd4 4 Nxd4 e6.} 8. Bg2 Bb7 $1 {[%cal Rb7g2]} 9. O-O d6 {The position is equal.} 10. b3 Nbd7 11. Bxb7 Qxb7 12. Qf3 Qxf3 13. Nxf3 (13. exf3 {keeps more tension.} Rc8 14. Nde2 Be7 15. Rd1 O-O 16. Kg2) 13... Rc8 14. Bb2 Be7 {[#]} 15. Rac1 $146 ({Predecessor:} 15. Rad1 O-O 16. Kg2 Rc7 17. Nd2 Nc5 18. Rc1 Rb8 19. a4 Rcb7 20. Rfd1 h5 21. h4 {½-½ (67) Lan,Z (2241)-Zeng,C (2524) Zaozhuang 2015}) 15... O-O 16. Rfd1 Rfd8 17. Kg2 Nc5 18. Ne1 Rd7 {[#]} (18... Nfd7 $11) 19. Nd3 (19. b4 $1 $16) 19... Rb7 20. Nxc5 bxc5 (20... Rxc5 $11 {remains equal.} 21. Ba3 Rc6) 21. f3 Rc6 22. Rd2 Ne8 23. Rcd1 Bg5 24. Rd3 (24. f4 {is more complex.} Bf6 25. g4 h6 26. Kf3 a5 27. Na4) 24... Bf6 25. Na4 Bxb2 26. Nxb2 Kf8 27. Na4 Ke7 28. Kf2 Nf6 29. Nc3 Nd7 30. f4 Nf6 31. Kf3 h5 32. h3 Nd7 33. e4 g6 34. Ke3 f6 35. R3d2 Rb8 36. h4 Rg8 37. Rf2 ({White should play} 37. e5 $16) 37... g5 38. hxg5 fxg5 39. Rh1 Nf6 {And now ...Ng4+ would win.} 40. Kf3 Rcc8 41. Rd2 gxf4 42. gxf4 Rcf8 43. Rg2 Ng4 {Threatens to win with ...Ne5+.} 44. Ne2 Ne5+ 45. Kf2 {aiming for Rxg8.} Nd3+ 46. Kf3 {With the idea Rxg8.} Rxg2 47. Kxg2 Nxf4+ 48. Nxf4 Rxf4 49. Rxh5 $11 {[%mdl 4096] Endgame KR-KR} Kf6 50. Rh8 Rxe4 {White must now prevent ...Re2+.} 51. Kf3 Ke5 52. Ra8 $1 Kd4 53. Rxa6 Re3+ 54. Kf2 d5 55. Rc6 (55. cxd5 $11 exd5 56. Ra8) 55... Re5 (55... Re4 $17 56. Rd6 Rh4) 56. cxd5 $2 {[%mdl 8192] Loses the game.} (56. a4 $15) 56... exd5 $19 57. a4 c4 58. b4 Kd3 59. b5 {[#] Strongly threatening b6.} Re2+ $1 60. Kf3 Ra2 61. Rd6 d4 62. Kf4 c3 {Black mates.} 63. Ke5 Rxa4 64. b6 c2 65. b7 Ra5+ 66. Rd5 c1=Q {Accuracy: White = 73%, Black = 86%.} 0-1

[Event "SVK Extraliga 2019-20"]
[Site "Slovakia"]
[Date "2020.09.04"]
[Round "9.8"]
[White "Jurcik, Martin"]
[Black "Vrchovsky, Viliam"]
[Result "1-0"]
[WhiteElo "2389"]
[BlackElo "1913"]
[Annotator "TA"]
[PlyCount "63"]
[EventDate "2019.10.19"]
[EventType "team-tourn"]
[EventCountry "SVK"]
[SourceTitle "playchess.com"]
[Source "ChessBase"]
[SourceQuality "1"]
[WhiteTeam "Dunajov"]
[BlackTeam "Dunajov"]

{[%evp 9,63,43,62,61,70,70,101,107,107,109,109,108,117,129,121,117,130,124,135,129,125,106,142,132,156,153,159,135,199,116,120,118,112,89,70,62,112,110,107,97,91,85,128,121,114,7,7,7,31,31,68,59,82,43,64,69]} 1. e4 g6 2. d4 Bg7 3. Nc3 e6 4. f4 Ne7 5. Nf3 d5 6. e5 {B06: Modern Defence.} Nbc6 7. Be3 Bd7 8. Qd2 {White is better.} a6 {[#]} 9. Bf2 $146 ({Predecessor:} 9. O-O-O O-O 10. g4 Na7 11. h4 Qc8 12. h5 Bh8 13. hxg6 fxg6 14. Qh2 Rf7 15. Ng5 {1-0 (15) Tibenszky,Z (1954)-Hegedus,P (1918) Budapest 2009}) 9... b5 10. Ne2 {[%cal Bc3e2,Be2c1,Bc1b3,Bb3c5][%mdl 32]} Qb8 11. Nc1 Qb6 12. Nb3 h5 13. Bd3 Nf5 14. O-O Bf8 15. c3 Be7 16. Rfc1 h4 17. Nc5 Na5 18. b3 Nb7 (18... Bc6 $16 19. h3 O-O-O) 19. c4 (19. Nxd7 $18 Kxd7 20. c4) 19... Bc6 $16 20. cxb5 axb5 21. Nxb7 Bxb7 22. a4 b4 23. Rc2 c6 24. Rac1 Rc8 25. h3 Kd7 26. Qe1 Ba6 27. Qe2 (27. a5 $16 Qxa5 28. Ra1 Qxa1 29. Qxa1 Bxd3 30. Ra2) 27... Bxd3 $11 28. Qxd3 Rh5 29. Kh2 Bf8 30. Ng5 Bh6 31. Be3 Bxg5 32. fxg5 {Black defended with fortune. Accuracy: White = 81%, Black = 72%.} 1-0

[Event "SVK Extraliga 2019-20"]
[Site "Slovakia"]
[Date "2020.09.04"]
[Round "9.8"]
[White "Takacs, Laszlo"]
[Black "Szucs, Vladimir"]
[Result "1-0"]
[WhiteElo "2190"]
[BlackElo "2176"]
[Annotator "TA"]
[PlyCount "67"]
[EventDate "2019.10.19"]
[EventType "team-tourn"]
[EventCountry "SVK"]
[SourceTitle "playchess.com"]
[Source "ChessBase"]
[SourceQuality "1"]
[WhiteTeam "Streda"]
[BlackTeam "Podhajska"]

{[%evp 13,67,17,21,0,54,10,20,0,15,-25,0,0,0,0,28,3,16,14,34,0,54,49,90,43,133,102,133,110,113,119,109,115,112,112,184,198,242,172,258,266,780,780,845,839,795,764,1408,776,29989,29990,29989,533,29981,29980,29991,29992]} 1. e4 e6 2. d4 d5 3. Nd2 c5 4. Ngf3 cxd4 5. Nxd4 Nf6 6. exd5 Nxd5 7. N2f3 Be7 8. c3 {[#] C07: French Tarrasch: 3...c5, 4 Ngf3 and 4 exd5 Qxd5.} Nd7 $146 (8... O-O $11) ({Predecessor:} 8... O-O 9. Bd3 b6 10. O-O Bb7 11. a3 Nc6 12. Nxc6 Bxc6 13. Ne5 Bb7 14. c4 Nf6 15. Be2 Qc7 16. Nf3 Rfd8 17. Qc2 {0-1 (43) Mammadzada,G (2443)-Hou,Y (2658) chess.com INT 2020}) 9. Nf5 O-O 10. Nxe7+ {The position is equal.} Qxe7 11. Bd3 b6 12. O-O Bb7 13. Re1 Rac8 14. Qe2 Nc5 15. Bc2 Rfe8 16. Qe5 Rcd8 ({Black should try} 16... f6 $11 17. Qg3 e5) 17. Qg3 $14 f6 18. Nd4 $40 {[%mdl 128] Black needs to defend precisely.} Qf8 {White stays focused until the end.} (18... e5 $14) 19. Qh3 g6 20. b4 {[%cal Bb2b4,Bb4c5][%mdl 32]} e5 21. Bh6 Qf7 22. bxc5 {aiming for Nf3.} exd4 23. cxd4 Kh8 (23... Rxe1+ $16 24. Rxe1 Re8) 24. Ba4 $18 Re7 25. Bd2 bxc5 (25... Rc7 {is a better defense.} 26. Rac1 bxc5) 26. dxc5 f5 $2 (26... Rxe1+ 27. Rxe1 Qc7) 27. c6 Bc8 28. Rxe7 Qxe7 29. Re1 Qd6 30. Qd3 Be6 31. Qd4+ {[%mdl 64] Double Attack} Kg8 32. Bg5 (32. Bh6 $142 Qe7 33. Rxe6 Kf7 34. Rxe7+ Kxe7 35. Bg5+ {[%mdl 64] Skewer} Kf7 36. Bxd8 h5 {[#]} 37. Bb3 $1 {[%mdl 512]} Kg8 38. Qxd5+ Kh7 39. Qg8+ Kh6 40. Qh8#) 32... Rf8 {[#]} 33. Bb3 $1 Qxc6 {[#]} 34. Rxe6 $1 {[%mdl 512] Accuracy: White = 58%, Black = 26%.} 1-0

[Event "SVK Extraliga 2019-20"]
[Site "Slovakia"]
[Date "2020.09.05"]
[Round "10.1"]
[White "Navara, David"]
[Black "Sahidi, Samir"]
[Result "1-0"]
[WhiteElo "2719"]
[BlackElo "2400"]
[Annotator "TA"]
[PlyCount "55"]
[EventDate "2019.10.19"]
[EventType "team-tourn"]
[EventCountry "SVK"]
[SourceTitle "playchess.com"]
[Source "ChessBase"]
[SourceQuality "1"]
[WhiteTeam "Snina"]

{[%evp 20,55,25,20,27,45,32,35,24,25,155,140,143,168,162,147,195,185,301,313,482,462,421,379,1069,1043,1368,1324,1520,1419,1566,1560,1342,1539,1365,1187,1813,1740]} 1. e4 c5 2. Nf3 d6 3. d4 cxd4 4. Nxd4 Nf6 5. Nc3 a6 6. Be3 e6 7. Be2 Qc7 8. a4 b6 9. f4 Bb7 10. Bf3 Nbd7 11. Qe2 Be7 {B84: Sicilian Scheveningen: 6 Be2 a6, lines without early Be3.} 12. g4 Nc5 {[%cal Rf6e4]} 13. Bd2 h6 {White is slightly better.} 14. h4 {[#]} O-O-O $146 (14... d5 $11) ({Predecessor:} 14... g6 15. h5 e5 16. Nb3 Nxb3 17. cxb3 gxh5 18. g5 hxg5 19. fxg5 Nd7 20. Bxh5 Nc5 {0-1 (29) Krecak,Z (2369)-Vinchev,S (2391) ICCF email 2013}) 15. b4 $16 e5 16. Ndb5 $36 {[%mdl 2048] White has strong initiative.} axb5 17. Nxb5 Qb8 {[%cal Rc5e4]} 18. bxc5 dxc5 (18... bxc5 $142 19. g5 Nd7) 19. a5 $18 exf4 (19... bxa5 $142 20. Bxa5 Bc6) 20. a6 Ba8 21. Bc3 g5 $2 {[#]} (21... Bc6 22. a7 Qa8) 22. hxg5 {White is clearly winning.} Nd7 23. a7 Qb7 24. Bxh8 Rxh8 25. e5 Qxf3 26. Qxf3 Bxf3 27. a8=R+ Nb8 28. Rxh6 {Black got outplayed after the opening. Accuracy: White = 94%, Black = 29%.} 1-0

[Event "SVK Extraliga 2019-20"]
[Site "Slovakia"]
[Date "2020.09.05"]
[Round "10.1"]
[White "Stocek, Jiri"]
[Black "Ftacnik, Lubomir"]
[Result "1-0"]
[WhiteElo "2595"]
[BlackElo "2510"]
[Annotator "TA"]
[PlyCount "157"]
[EventDate "2019.10.19"]
[EventType "team-tourn"]
[EventCountry "SVK"]
[SourceTitle "playchess.com"]
[Source "ChessBase"]
[SourceQuality "1"]
[WhiteTeam "Kosice"]
[BlackTeam "Slovan"]

{[%evp 15,157,0,0,0,14,17,0,12,23,23,22,33,22,26,19,26,39,39,39,36,40,31,39,39,39,33,27,16,16,15,15,14,17,12,13,16,21,18,14,12,19,1,1,1,1,1,1,0,1,0,2,0,0,0,2,2,4,9,10,11,10,0,81,88,125,123,145,145,266,254,213,239,399,426,390,404,499,497,460,404,404,404,723,741,671,502,587,370,12828,12830,5756,824,1108,1113,871,1119,958,876,872,529,1456,166,125,126,143,127,176,0,0,0,0,0,0,0,0,0,0,0,0,0,0,0,0,0,0,0,0,0,0,0,0,0,27993,27993,27994,27994,27995,27995,27996,27996,27997,27997,27998,27998]} 1. c4 Nf6 2. Nc3 c5 3. Nf3 e6 4. e3 d5 5. d4 dxc4 6. Bxc4 a6 7. O-O b5 8. Bb3 Bb7 9. e4 {D27: Queen's Gambit Accepted: Classical main line: 7 e4!? and 7 a4.} cxd4 10. Nxd4 Nc6 11. Be3 {The position is equal. 11.Be3 has become a bit dusty these days.} Be7 12. Nxc6 Qxd1 13. Rfxd1 Bxc6 14. f3 O-O 15. Ne2 Rfd8 16. Rac1 Rxd1+ 17. Bxd1 Rc8 18. Nd4 Bd7 19. Rxc8+ Bxc8 20. a4 bxa4 21. Bxa4 {[#]} Bd7 $146 ({Predecessor:} 21... Nd7 22. Nc6 Bc5 23. Kf2 Bxe3+ 24. Kxe3 Nb6 25. Bc2 Bd7 26. Na5 e5 27. Bd3 Bc8 {1-0 (45) Levin,F (2482)-Naumann,A (2546) Germany 2012}) 22. Nc6 Kf8 23. b3 Bxc6 24. Bxc6 $11 {[%mdl 4096] Endgame KBB-KBN} Bb4 25. Bd4 Ke7 26. Kf1 g6 27. Ke2 Nd7 28. Kd1 Nc5 29. Kc2 Kd6 30. Be8 Ke7 31. Bc6 Kd6 32. Ba8 Nd7 33. Bb7 Nc5 34. Ba8 Nd7 35. f4 e5 36. Be3 exf4 37. Bxf4+ Ne5 38. g4 h6 (38... f6 $11 {keeps the balance.}) 39. Bxh6 $16 {And now Bf8+ would win.} Kc7 40. h3 Nf3 41. Bg7 Be7 (41... Bd6 $16 42. Bc3 Be5 43. Ba5+ Kd7) 42. e5 $1 $18 Nd4+ 43. Kc3 $1 {[%cal Rc3d4]} Ne2+ $2 (43... Ne6) 44. Kc4 Nf4 {[#]} 45. Bd5 $1 Nxh3 {Black hopes to continue with ...Ng5.} 46. Bxf7 Nf2 47. Bxg6 Nxg4 48. Kd5 Kb6 (48... Bg5 $142 49. Bf8 a5 50. Bd6+ Kd8) 49. Bh5 Ne3+ 50. Ke4 Nf1 {Threatening ...Ng3+.} 51. Bf7 a5 $2 (51... Nd2+ 52. Ke3 Bg5+ 53. Kd4 Kc6 54. Bd5+ Kd7) 52. Bf6 Bb4 53. Bg5 (53. Bd8+ $142 Kc6 54. Be8+ Kc5 55. e6 Ng3+ 56. Kf4) 53... Ng3+ 54. Kd5 Nf5 55. Ke6 Nd4+ 56. Kd7 Bc5 57. Bd5 Kb5 58. Bc4+ $2 (58. e6 Nxe6 59. Bc4+ (59. Bxe6 a4 $11) 59... Kb6 60. Bxe6) 58... Kb4 59. Bd2+ Ka3 {intending ...Nf3.} 60. Bxa5 Nxb3 61. Bxb3 $2 (61. Be1 $18) 61... Kxb3 $16 {KB-KB} 62. e6 Kc4 63. Kc6 Be7 $1 64. Bb6 $2 {[%mdl 8192]} (64. Bd2 $11) 64... Bg5 65. Kd6 Bf6 66. Ba7 $2 {[%mdl 8192]} (66. Be3 $11) 66... Bh4 $2 {[%mdl 8192]} (66... Bg5 $11) 67. Bc5 $2 {[%mdl 8192]} (67. Be3 $11) 67... Bf6 $2 {[%mdl 8192]} (67... Bg5 $11) 68. Ba3 $2 {[%mdl 8192]} (68. Be3 $11) 68... Bg5 69. Ke5 $2 {[%mdl 8192]} (69. Bb2 $11) 69... Bd8 $2 {[%mdl 8192]} (69... Bh4 $11) 70. Bf8 $2 {[%mdl 8192]} (70. Bd6 $11) 70... Bh4 71. Bg7 $2 {[%mdl 8192]} (71. Ba3 $11) 71... Kc5 $2 {[%mdl 8192]} (71... Be7 $11) 72. Bf6 Bg3+ 73. Kf5 $2 {[%mdl 8192]} (73. Ke4 $11 Kd6 74. Bh8 (74. Kf5 Be1 $11)) 73... Kd6 $2 {[%mdl 8192]} (73... Bd6 $11) 74. Bg5 {White mates.} Kc6 75. Kf6 Bd6 {[#]} 76. Kf7 $1 Kd5 77. Be7 Bg3 78. Ba3 Bh4 79. Bb2 {Accuracy: White = 91%, Black = 66%.} 1-0

[Event "SVK Extraliga 2019-20"]
[Site "Slovakia"]
[Date "2020.09.05"]
[Round "10.1"]
[White "Hracek, Zbynek"]
[Black "Petenyi, Tamas"]
[Result "0-1"]
[WhiteElo "2563"]
[BlackElo "2468"]
[Annotator "TA"]
[PlyCount "58"]
[EventDate "2019.10.19"]
[EventType "team-tourn"]
[EventCountry "SVK"]
[SourceTitle "playchess.com"]
[Source "ChessBase"]
[SourceQuality "1"]
[BlackTeam "Streda"]

{[%evp 9,58,41,75,50,85,85,87,66,86,71,79,77,77,78,86,80,62,67,67,59,51,54,85,85,100,102,139,147,190,189,430,428,439,433,499,493,428,269,487,483,480,468,457,450,917,0,0,-306,-306,-715,-512]} 1. e4 g6 2. d4 Bg7 3. Nc3 d6 4. Be3 a6 5. Nf3 Bg4 6. Qd2 {B06: Modern Defence.} Bxf3 7. gxf3 Nc6 {[#]} 8. d5 $146 {White is better.} ({Predecessor:} 8. Be2 e5 9. d5 Nd4 10. O-O-O Qf6 11. f4 Nxe2+ 12. Nxe2 exf4 13. Bd4 Qh4 14. Bxg7 f6 15. Bxh8 {1-0 (15) Pasini,N (1434)-Lipari,A (1535) Milan 2014}) 8... Ne5 9. Be2 c5 10. dxc6 Nxc6 {[#]} 11. Nd5 $1 Rc8 12. c3 Nf6 13. Nxf6+ Bxf6 14. O-O-O b5 15. Kb1 Rb8 16. h4 Qc7 17. h5 b4 {...bxc3 is the strong threat.} 18. c4 a5 19. f4 O-O $2 (19... Rd8 {is a better defense.} 20. Qc2 b3 21. axb3 Nb4) 20. hxg6 $18 hxg6 21. f5 b3 {And now ...bxa2+ would win.} 22. a3 Ne5 23. fxg6 Nxc4 $2 (23... Qc6 {was worth a try.} 24. gxf7+ Kxf7) 24. gxf7+ Rxf7 25. Rdg1+ Kf8 26. Qc1 d5 (26... Rc8 $142 27. Bh6+ Ke8 28. Rg8+ Kd7) 27. exd5 $2 ({White should try} 27. Bh6+ $18 Ke8 28. Bxc4 Qxc4 29. Qxc4 dxc4 30. Rg8+ Kd7 31. Rxb8) 27... Nxa3+ $1 $11 28. bxa3 $2 {[%mdl 8192]} (28. Ka1 $1 $11 {and White has nothing to worry.} Nc2+ 29. Kb1 Na3+ 30. Ka1 (30. bxa3 $2 Qe5 $19) 30... Nc2+ 31. Kb1 Na3+) 28... Qe5 $19 {[%csl Gf6][%cal Re5a1]} 29. Bh6+ $2 {[#]} (29. Rh8+ Bxh8 30. Bh6+ Bg7 31. Rxg7 Rxg7 32. Qe3 Qxe3 33. fxe3) 29... Rg7 $1 {Quite a comeback for Black. Accuracy: White = 66%, Black = 45%.} 0-1

[Event "SVK Extraliga 2019-20"]
[Site "Slovakia"]
[Date "2020.09.05"]
[Round "10.1"]
[White "Krejci, Jan"]
[Black "Cernousek, Lukas"]
[Result "1-0"]
[WhiteElo "2543"]
[BlackElo "2460"]
[Annotator "TA"]
[PlyCount "51"]
[EventDate "2019.10.19"]
[EventType "team-tourn"]
[EventCountry "SVK"]
[SourceTitle "playchess.com"]
[Source "ChessBase"]
[SourceQuality "1"]
[WhiteTeam "Prakovce"]
[BlackTeam "Dubnica"]

{[%evp 10,51,-10,-16,-5,-35,-35,-59,-56,-50,-50,-62,-57,-64,-68,-60,-58,-115,-110,-144,-111,-134,196,191,191,193,197,179,287,44,510,302,527,520,762,762,716,685,689,696,29987,29988,29992,29993]} 1. c4 e6 2. Nf3 d5 3. d4 Nf6 4. Bg5 dxc4 5. Nc3 a6 6. a4 Nc6 {D24: Queen's Gambit Accepted: 3 Nf3 Nf6 4 Nc3.} 7. e4 Na5 8. Qc2 h6 {[#] Black is slightly better.} 9. Bh4 $146 ({Predecessor:} 9. Be3 Bb4 10. Nd2 c5 11. dxc5 Ng4 12. Bf4 Bxc5 13. Bg3 Qd4 14. Nf3 Qd8 15. h3 {0-1 (32) Fairuzova,Z (1677)-Granovskaya,E (1741) Sochi 2017}) 9... g5 10. Bg3 Nh5 11. Rd1 Nxg3 12. hxg3 Bg7 13. Be2 (13. e5 $1 $15) 13... Qe7 14. Nd2 Bxd4 15. Nxc4 Bxf2+ $2 {[%mdl 8192]} (15... Nc6 $17 {stays on course.} 16. e5 Bd7) 16. Kxf2 $18 Nxc4 17. Bxc4 Qc5+ {[#]} 18. Ke1 $1 {Strongly threatening Nd5!} Qxc4 (18... Bd7 {might work better.}) 19. Qd2 $40 {[%csl Gd1][%cal Rd2d8][%mdl 128] White mounts an attack.} Kf8 $2 {[%mdl 8192]} (19... O-O $1 $14) 20. e5 {White wants to mate with Qd8+.} Kg7 $2 (20... Bd7 {is a better defense.}) 21. Qf2 {Intending Qf6+ and mate.} f5 {White must now prevent ...b6.} 22. exf6+ Kf7 23. Rd4 {[%cal Bd1d4,Bd4d7,Bd7c7][%mdl 32]} Qb3 {Now ...e5 and Black clings on.} 24. Qd2 e5 {[#]} 25. Rd7+ $1 {[%mdl 512]} Ke6 (25... Bxd7 26. Qxd7+) 26. Rxc7 {Accuracy: White = 70%, Black = 45%.} 1-0

[Event "SVK Extraliga 2019-20"]
[Site "Slovakia"]
[Date "2020.09.05"]
[Round "10.1"]
[White "Antoniewski, Rafal"]
[Black "Gazik, Viktor"]
[Result "1/2-1/2"]
[WhiteElo "2490"]
[BlackElo "2539"]
[Annotator "TA"]
[PlyCount "96"]
[EventDate "2019.10.19"]
[EventType "team-tourn"]
[EventCountry "SVK"]
[SourceTitle "playchess.com"]
[Source "ChessBase"]
[SourceQuality "1"]
[WhiteTeam "Dunajov"]
[BlackTeam "Podhajska"]

{[%evp 14,96,29,17,29,12,16,21,21,16,11,0,3,10,10,-6,41,16,29,22,27,19,20,31,22,33,39,37,47,43,62,62,64,57,52,44,48,52,74,64,75,7,7,14,51,0,0,0,0,0,0,0,0,0,0,0,13,6,26,0,8,0,184,168,362,322,298,0,0,0,0,0,0,0,0,0,0,0,0,0,0,0,0,0,0]} 1. Nf3 Nf6 2. g3 g6 3. b3 Bg7 4. Bb2 O-O 5. Bg2 d6 6. d4 a5 7. c4 c6 8. O-O Qc7 {[#] A49: 1 d4 Nf6 2 Nf3 g6 3 g3: Anti-King's Indian systems.} 9. Re1 $146 ({Predecessor:} 9. Nbd2 Re8 10. Qc2 Na6 11. a3 e5 12. e4 exd4 13. Nxd4 Qb6 14. Bc3 Nc5 15. Ne2 Bg4 16. Nc1 {1-0 (68) Ocko,M (2046)-Liptak,D (2121) Slovakia 2019}) 9... Na6 10. e4 Bg4 11. Nbd2 Rfe8 12. h3 Bxf3 $1 13. Nxf3 e5 14. a3 Re7 15. Qc2 exd4 16. Bxd4 Rae8 {[%cal Rf6e4]} 17. Qc3 Nh5 18. Bxg7 Nxg7 19. Nh2 h5 20. b4 Ne6 21. h4 axb4 22. axb4 Qb6 23. Rab1 Qd4 24. Qc2 Qf6 25. Red1 Nd4 26. Qd3 $1 {[%cal Rd3d4]} c5 27. bxc5 ({Better is} 27. Nf1 $16) 27... dxc5 $11 28. f4 Rd8 29. Nf1 (29. e5 $14 Qe6 30. Bd5 (30. Rxb7 Rxb7 31. Bxb7 Nb4 $17) 30... Rxd5 31. cxd5 Qxd5 32. Kf2) 29... Nb4 30. Qe3 Red7 31. Qf2 Ra8 32. Rd2 Ra3 33. Rbd1 Qa6 34. Ne3 b5 35. cxb5 Qxb5 36. Kh2 Rda7 37. Rb1 Ra1 $2 {[#]} (37... Rd3 $11) 38. Rbb2 $1 $18 Qa4 $2 {[#]} (38... Qa5) 39. f5 $1 Kh7 40. Nd5 $2 (40. e5 $18) 40... Nxd5 $11 {The position is equal.} 41. fxg6+ fxg6 {aiming for ...Nc3.} 42. exd5 {Hoping for Qf8.} Qe8 {And now ...Rf7 would win.} 43. Qf6 R1a6 44. Rb6 Rxb6 45. Qxb6 {[%mdl 64] Double Attack} Rg7 46. Ra2 Qf8 47. d6 {Black must now prevent Ra7.} Nf5 48. Qxc5 Qxd6 {Accuracy: White = 86%, Black = 83%.} 1/2-1/2

[Event "SVK Extraliga 2019-20"]
[Site "Slovakia"]
[Date "2020.09.05"]
[Round "10.1"]
[White "Cvek, Robert"]
[Black "Saric, Ivan"]
[Result "1/2-1/2"]
[WhiteElo "2487"]
[BlackElo "2646"]
[Annotator "RC"]
[PlyCount "41"]
[EventDate "2019.10.19"]
[EventType "team-tourn"]
[EventCountry "SVK"]
[SourceTitle "playchess.com"]
[Source "ChessBase"]
[SourceQuality "1"]
[WhiteTeam "Osuske"]
[BlackTeam "Modra"]
[TimeControl "40/5400+30:1800+30"]

1. Nf3 {[%emt 0:00:00]} Nf6 {[%emt 0:00:00]} 2. c4 {[%emt 0:00:00]} g6 {[%emt 0:00:00]} 3. Nc3 {[%emt 0:00:00]} Bg7 {[%emt 0:00:00]} 4. e4 {[%emt 0:00:15]} d6 {[%emt 0:00:00]} 5. d4 {[%emt 0:00:09]} O-O {[%emt 0:00:00]} 6. Be2 {[%emt 0:00:26]} e5 {[%emt 0:00:02]} 7. O-O {[%emt 0:00:28]} Na6 {[%emt 0:02:45]} 8. Be3 {[%emt 0:04:06]} Qe7 {[%emt 0:00:39]} 9. dxe5 {[%emt 0:04:15]} dxe5 {[%emt 0:00:03]} 10. Nd5 {[%emt 0:02:23]} Qd8 {[%emt 0:00:05]} 11. Nxf6+ {[%emt 0:10:34]} Qxf6 {[%emt 0:03:03]} 12. c5 {[%emt 0:01:25]} Qc6 {[%emt 0:03:46]} 13. Qc2 {[%emt 0:04:45]} Nb4 {[%emt 0:08:13]} 14. Qc4 {[%emt 0:05:32]} a5 {[%emt 0:01:05]} 15. a3 {[%emt 0:00:39]} Na6 {[%emt 0:01:17]} 16. Rac1 {[%emt 0:19:35]} Be6 {[%emt 0:01:54]} 17. Qc3 {[%emt 0:03:47]} a4 {[%emt 0:01:04]} 18. Bc4 {[%emt 0:02:24]} Bxc4 {[%emt 0:02:21]} 19. Qxc4 {[%emt 0:00:02]} Rad8 {[%emt 0:01:10]} 20. Nd2 {[%emt 0:02:22]} Kh8 {[%emt 0:01:20]} 21. b4 {[%emt 0:00:32]} 1/2-1/2

[Event "SVK Extraliga 2019-20"]
[Site "Slovakia"]
[Date "2020.09.05"]
[Round "10.2"]
[White "Balogh, Csaba"]
[Black "Mazur, Stefan"]
[Result "1/2-1/2"]
[WhiteElo "2580"]
[BlackElo "2423"]
[Annotator "TA"]
[PlyCount "39"]
[EventDate "2019.10.19"]
[EventType "team-tourn"]
[EventCountry "SVK"]
[SourceTitle "playchess.com"]
[Source "ChessBase"]
[SourceQuality "1"]
[WhiteTeam "Modra"]
[BlackTeam "Liptovska"]

{[%evp 11,39,20,24,0,18,15,21,-4,-6,-15,22,0,24,0,0,-3,0,-24,-22,-14,-11,-8,0,0,0,-33,-42,-44,-37,-45]} 1. e4 e5 2. Nf3 Nc6 3. Bb5 a6 4. Ba4 Nf6 5. d3 Bc5 6. Bxc6 dxc6 7. Nbd2 {C77: Ruy Lopez: 3...a6 4 Ba4 Nf6, unusual lines.} Bg4 8. h3 Bh5 9. Nc4 {The position is equal.} Nd7 10. Bd2 {[#]} Qf6 $146 ({Predecessor:} 10... Qe7 11. g4 Bg6 12. Bc3 f6 13. Ne3 Nf8 14. Nf5 Qd7 15. d4 exd4 16. Bxd4 Bxd4 17. Qxd4 Qxd4 18. N3xd4 {½-½ (30) Maenhout,T (2377)-Maerevoet,S (2383) Bruges 2020}) 11. g4 Bg6 12. Qe2 Qe6 13. Nh4 O-O-O 14. b4 Bd4 15. c3 b5 16. Ne3 Bxe3 17. Bxe3 Nb6 18. Bxb6 cxb6 19. Qe3 Kb7 20. Ke2 {Accuracy: White = 83%, Black = 89%.} 1/2-1/2